Against the tide / (Record no. 126)
[ view plain ]
| 000 -LEADER | |
|---|---|
| fixed length control field | 01878nam a22004697a 4500 |
| 001 - CONTROL NUMBER | |
| control field | 126 |
| 003 - CONTROL NUMBER IDENTIFIER | |
| control field | FISKH |
| 005 - DATE AND TIME OF LATEST TRANSACTION | |
| control field | 20230228104041.0 |
| 008 - FIXED-LENGTH DATA ELEMENTS--GENERAL INFORMATION | |
| fixed length control field | 230228b cb ||||| |||| 00| 0 eng d |
| 020 ## - INTERNATIONAL STANDARD BOOK NUMBER | |
| International Standard Book Number | 9780545599757 (lib. bdg.) |
| 020 ## - INTERNATIONAL STANDARD BOOK NUMBER | |
| International Standard Book Number | 054559975X (lib. bdg.) |
| 035 ## - SYSTEM CONTROL NUMBER | |
| System control number | (OCoLC)ocn858366710 |
| 040 ## - CATALOGING SOURCE | |
| Original cataloging agency | BTCTA |
| Language of cataloging | eng |
| Transcribing agency | BTCTA |
| Description conventions | rda |
| Modifying agency | YDXCP |
| -- | FOLLT |
| -- | CCD |
| -- | LG3 |
| -- | OCLCF |
| -- | IHX |
| -- | DLC |
| -- | FISKH |
| 042 ## - AUTHENTICATION CODE | |
| Authentication code | lccopycat |
| 050 00 - LIBRARY OF CONGRESS CALL NUMBER | |
| Classification number | PZ7.S96694 |
| Item number | Ag 2014 |
| 082 04 - DEWEY DECIMAL CLASSIFICATION NUMBER | |
| Classification number | 813.6 |
| Edition number | 23 |
| 100 1# - MAIN ENTRY--PERSONAL NAME | |
| Personal name | Sutherland, Tui, |
| Dates associated with a name | 1978- |
| Relator term | author. |
| 245 10 - TITLE STATEMENT | |
| Title | Against the tide / |
| Statement of responsibility, etc. | Tui T. Sutherland. |
| 250 ## - EDITION STATEMENT | |
| Edition statement | Library edition. |
| 264 #1 - PRODUCTION, PUBLICATION, DISTRIBUTION, MANUFACTURE, AND COPYRIGHT NOTICE | |
| Place of production, publication, distribution, manufacture | New York, NY : |
| Name of producer, publisher, distributor, manufacturer | Scholastic Inc., |
| Date of production, publication, distribution, manufacture, or copyright notice | 2014. |
| 300 ## - PHYSICAL DESCRIPTION | |
| Extent | 180 p. |
| Other physical details | map |
| Dimensions | 20 cm. |
| 336 ## - CONTENT TYPE | |
| Content type term | text |
| Source | rdacontent |
| 337 ## - MEDIA TYPE | |
| Media type term | unmediated |
| Source | rdamedia |
| 338 ## - CARRIER TYPE | |
| Carrier type term | volume |
| Source | rdacarrier |
| 490 1# - SERIES STATEMENT | |
| Series statement | Spirit animals ; |
| Volume/sequential designation | book 5 |
| 505 ## - FORMATTED CONTENTS NOTE | |
| Formatted contents note | M |
| 520 ## - SUMMARY, ETC. | |
| Summary, etc. | Four children have discovered that they have spirit animals, a rare bond between human and animal that has launched them on a quest to save their world, but now they realize that there is a traitor in their midst who has been helping their pursuers and they're heading for a deadly trap. |
| 521 8# - TARGET AUDIENCE NOTE | |
| Target audience note | 800 |
| Source | Lexile |
| 521 8# - TARGET AUDIENCE NOTE | |
| Target audience note | M |
| Source | Raz-Plus |
| 650 #0 - SUBJECT ADDED ENTRY--TOPICAL TERM | |
| Topical term or geographic name entry element | Human-animal relationships |
| Form subdivision | Juvenile fiction. |
| 650 #0 - SUBJECT ADDED ENTRY--TOPICAL TERM | |
| Topical term or geographic name entry element | Good and evil |
| Form subdivision | Juvenile fiction. |
| 650 #0 - SUBJECT ADDED ENTRY--TOPICAL TERM | |
| Topical term or geographic name entry element | Shapeshifting |
| Form subdivision | Juvenile fiction. |
| 650 #1 - SUBJECT ADDED ENTRY--TOPICAL TERM | |
| Topical term or geographic name entry element | Human-animal relationships |
| Form subdivision | Fiction. |
| 650 #1 - SUBJECT ADDED ENTRY--TOPICAL TERM | |
| Topical term or geographic name entry element | Good and evil |
| Form subdivision | Fiction. |
| 650 #1 - SUBJECT ADDED ENTRY--TOPICAL TERM | |
| Topical term or geographic name entry element | Shapeshifting |
| Form subdivision | Fiction. |
| 650 #1 - SUBJECT ADDED ENTRY--TOPICAL TERM | |
| Topical term or geographic name entry element | Fantasy. |
| 830 #0 - SERIES ADDED ENTRY--UNIFORM TITLE | |
| Uniform title | Spirit animals ; |
| Volume/sequential designation | book 5. |
| 856 42 - ELECTRONIC LOCATION AND ACCESS | |
| Materials specified | Contributor biographical information |
| Uniform Resource Identifier | <a href="http://www.loc.gov/catdir/enhancements/fy1516/2014940799-b.html">http://www.loc.gov/catdir/enhancements/fy1516/2014940799-b.html</a> |
| 856 42 - ELECTRONIC LOCATION AND ACCESS | |
| Materials specified | Publisher description |
| Uniform Resource Identifier | <a href="http://www.loc.gov/catdir/enhancements/fy1516/2014940799-d.html">http://www.loc.gov/catdir/enhancements/fy1516/2014940799-d.html</a> |
| 906 ## - LOCAL DATA ELEMENT F, LDF (RLIN) | |
| a | 7 |
| b | cbc |
| c | copycat |
| d | 2 |
| e | ncip |
| f | 20 |
| g | y-gencatlg |
| 942 ## - ADDED ENTRY ELEMENTS (KOHA) | |
| Source of classification or shelving scheme | Dewey Decimal Classification |
| Koha item type | Books |
| Suppress in OPAC | No |
| Withdrawn status | Lost status | Source of classification or shelving scheme | Damaged status | Not for loan | Collection | Home library | Current library | Shelving location | Date acquired | Total Checkouts | Full call number | Barcode | Date last seen | Price effective from | Koha item type |
|---|---|---|---|---|---|---|---|---|---|---|---|---|---|---|---|
| Dewey Decimal Classification | Fiction | Footprints International School Library Network Toul Kork Campus | Footprints International School Library Network Toul Kork Campus | A TK Campus, 4th Floor, Room B401, Fiction Bookcases (1-6) | 02/28/2023 | SUT 813.6 PZ7.S96694 | FISTK05386 | 02/28/2023 | 02/28/2023 | Books |
